Sociedades comerciales : ley no. 19550

Guardado en:
Formato: Libro
Publicado: Buenos Aires : Landol, 1993
Materias:
Etiquetas: Agregar Etiqueta
Sin Etiquetas, Sea el primero en etiquetar este registro!
LEADER 00811nam a22001935a 4500
001 CEM.cems008946
005 20090922093848.0
008 130507s1993##################000#0#####d
003 CEMS
020 |a 9879520300 
082 0 4 |a 347.51 
245 0 0 |a Sociedades comerciales :  |b ley no. 19550 
260 |a Buenos Aires :  |b Landol,  |c 1993 
300 |a 240 p. 
505 0 |a El texto ordenado aprobado por el decreto 841/84, incorpor¢ las modificaciones introducidas por las leyes 19666; 19880; 20337; 20468; 21304; 21357; 22182; 22686; 22903 y 22985. Posteriormente, la ley 23576 modific¢ el art. 325. Exposici¢n de motivos leyes 19550 y 22903.- 
653 |a Derecho comercial 
653 |a Ley no. 19550 
653 |a Sociedades comerciales 
859 |a CEMS  |b BIB. CEMS - 11 de abril  |h 347.51  |i Ar37-6  |p 18514.95  |t Ej.1  |v 1993  |3 1993